000 00786nam a2200253Ia 4500
003 OSt
005 20220918214359.0
006 a|||||r|||| 00| 0
007 ta
008 220917b |||||||| |||| 00| 0 eng d
024 _a137,153
037 _cTextual
040 _aARTS
_cARTS
_beng
041 _2eng
_aeng
082 _aY:321jN40, L5-;1
100 _aRosenberg Charles E Ed
_9131087
245 0 _aFamily in history
_b Lectures given in memory of stephen Allen Kaplan
260 _aPennsylvania
_bUniversity of Pennsylvania Press
_c1975
300 _a208p.
_ccm.
490 _aUniversity kof Pennsylvania Haney Foundations series; 17
650 _aSOCIOLOGY
942 _hY:321jN40, L5-;1
_cTEXL
_2CC
999 _c260239
_d260239